| 000 | 01359nam a2200373Ia 4500 | ||
|---|---|---|---|
| 001 | Z_4884 | ||
| 003 | CHAP | ||
| 008 | 220113s2=00 xx 000 0 und d | ||
| 010 | _a167938 | ||
| 020 | _a978-970-10-3719-5 | ||
| 040 | _cCHAP | ||
| 082 | _a636.0824 R47 2002 | ||
| 240 | _aReproduction in farm animals | ||
| 245 |
_aReproducción e inseminación artificial en animales / _ceditores E. S. E. Hafez, B. Hafez; traductor Gullermina Féher de la Torre; revisión técnica José Luis Espinoza Villavicencio |
||
| 250 | _a7a ed. | ||
| 260 |
_aMéxico : _bMcGraw-Hill Interamericana, _c2002 |
||
| 300 | _axiii, 519 p. | ||
| 500 | _aTraducción de la obra en inglés: Reproduction in farm animals, 7th ed. de 2000 | ||
| 503 | _aej.1: s/n \ ej.4: C/E \ ej.5: C/E \ ej.6: C/E \ ej.8: C/E \ ej.9: C/E \ ej.10: C/E \ ej.12: 0112 | ||
| 504 | _aIncluye bibliografía | ||
| 650 |
_aFisiología veterinaria _9132539 |
||
| 650 |
_aInseminación artificial _958964 |
||
| 650 |
_aReproducción animal _996028 |
||
| 700 |
_a Espinoza Villavicencio, José Luis, rev. _9142180 |
||
| 700 |
_a Féher de la Torre, Gullermina, tr. _9142181 |
||
| 700 |
_a Hafez, B., ed. _9142182 |
||
| 700 |
_aHafez, Elsayed Saad Eldin, ed. _9138008 |
||
| 901 | _a636.0824 R47 2002 | ||
| 902 | _aM | ||
| 910 | _a2=00 | ||
| 942 | _c1 | ||
| 942 | _cc1 | ||
| 999 |
_c167938 _d167938 |
||